Statistics for Trace the Coast of Europe by Guessing the Biggest Cities

Click here to take the quiz!

General Stats

  • This quiz has been taken 773 times
  • The average score is 16 of 35

Answers on the Map

Answers color-coded by a green-red scale on the quiz's map according to % correct below.
Loading ...
 

Answer Stats

PopCity% Correct
5.38 mSaint Petersburg
91%
1.02 mOslo
90%
1.79 mStockholm
90%
1.28 mHelsinki
90%
437 kTallinn
90%
627 kRiga
90%
466 kGdańsk
69%
482 kKaliningrad
68%
15.1 mIstanbul
61%
3.17 mAthens
60%
507 kLisbon
59%
1.64 mBarcelona
59%
863 kMarseille
56%
348 kArkhangelsk
53%
959 kNaples
48%
280 kAarhus
47%
804 kThe Hague
46%
247 kKiel
43%
1.01 mOdessa
43%
167 kSplit
36%
149 kKlaipėda
33%
443 kSevastopol
32%
439 kSochi
29%
170 kLe Havre
29%
336 kVarna
28%
28.4 kDubrovnik
26%
295 kVigo
25%
114 kBremerhaven
25%
71.5 kOstend
23%
113 kDurrës
20%
284 kConstanţa
20%
4.96 kNeum
13%
25.6 kKoper
13%
440 kMariupol'
13%
13.5 kKotor
12%

Score Distribution

Percentile by Number Answered

Percent of People with Each Score

Your Score History

You have not taken this quiz